书目信息 |
| 题名: |
质量与可持续发展
|
|
| 作者: | 郭若虚 著 | |
| 分册: | ||
| 出版信息: | 北京 中国计量出版社 2001.10 |
|
| 页数: | 387页 | |
| 开本: | 20cm | |
| 丛书名: | ||
| 单 册: | ||
| 中图分类: | F273.2 | |
| 科图分类: | ||
| 主题词: | 质量--关系--可持续发展--研究 | |
| 电子资源: | ||
| ISBN: | 7-5026-1542-3 | |
| 000 | 00814nam0 22002297 450 | |
| 001 | 192004003578 | |
| 005 | 20070910095325.23 | |
| 010 | @a7-5026-1542-3@dCNY23.00 | |
| 100 | @a20070602d2001 ekmy0chiy0121 ea | |
| 101 | 0 | @achi |
| 102 | @aCN@b110000 | |
| 105 | @aak a 000yy | |
| 200 | 1 | @a质量与可持续发展@Azhi liang yu ke chi xu fa zhan@f郭若虚著 |
| 210 | @a北京@c中国计量出版社@d2001.10 | |
| 215 | @a387页@c图@d20cm | |
| 320 | @a有书目 (第386-387页) | |
| 330 | @a本书从一个侧面记述了我国质量工作的发展历史,反映了我国政府关于质量工作的政策和法规的逐步完善的历程,总结了加强质量管理的思想方法,并从质量和可持续发展的关系方面提出了一些具有前瞻性的观点。 | |
| 606 | 0 | @a质量@x关系@x可持续发展@x研究 |
| 690 | @aF273.2@v4 | |
| 701 | 0 | @a郭若虚@Aguo ruo xu@4著 |
| 801 | 0 | @aCN@c20070910 |
| 905 | @dF273.2@eG827 | |
| 质量与可持续发展/郭若虚著.-北京:中国计量出版社,2001.10 |
| 387页:图;20cm |
| ISBN 7-5026-1542-3:CNY23.00 |
| 本书从一个侧面记述了我国质量工作的发展历史,反映了我国政府关于质量工作的政策和法规的逐步完善的历程,总结了加强质量管理的思想方法,并从质量和可持续发展的关系方面提出了一些具有前瞻性的观点。 |
| ● |
| 相关链接 |
|
|
|
正题名:质量与可持续发展
索取号:F273.2/G827
 
预约/预借
| 序号 | 登录号 | 条形码 | 馆藏地/架位号 | 状态 | 备注 |
| 1 | 617446 | 206174469 | 社科库409/409社科库 92排1列4层/ [索取号:F273.2/G827] | 在馆 | |
| 2 | 617447 | 206174478 | 社科库409/409社科库 92排1列4层/ [索取号:F273.2/G827] | 在馆 | |
| 3 | 617448 | 206174487 | 社科库409/409社科库 92排1列4层/ [索取号:F273.2/G827] | 在馆 |